=LDR 00000nam 2200000 4500 =001 INLIS000000000015259 =005 20130612110535 =008 ***********************************Ind** =035 ##$$0010-061300000015259 =041 ##$$a Ind =082 ##$$a 631.3 =090 ##$$a 631.3, Mus.m =100 ##$$a Harjosutowo, Mulyono =245 ##$$a Mesin-mesin Pertanian, Mulyono Hardjosutowo dkk =260 ##$$a 1990 $b Jakarta =300 ##$$a 184 hlm, Ilus, 21 cm =650 ##$$a Pertanian-Alat dan Perlengkapan =700 ##$$a Hardjosentoro, Mulyono =850 ##$$a NBPNMAT